000 01522cam a2200265 4500
001 X122776
008 030627n2003 000 0 eng u
035 _a(Sirsi) u122776
100 _aLeibenath, M.
245 _aGreening Europe: environmental issues in spatial planning policies and instruments
260 _c2003
490 _aTown Planning Review
_v74(1) January 2003, 77-95(19)
520 _aReports on research into the 'greening' of European spatial development policy. The European Spatial Development Perspective (ESDP) and its application process as well as the Framework for Action on Sustainable Urban Development are key elements of the research, while the main focus of the study is the process of applying environmental principles. The outcome of the study shows that, at least nominally, environmental factors do play a major role in all of the spatial policy instruments investigated. However, they are not yet given sufficient emphasis, something which is also the case for the ESDP itself and that part of its implementation process related to the Community initiative, INTERREG. Figures. Tables. References. [Partly taken from journal headnote].
590 _aABS
650 _aENVIRONMENTAL ISSUES
650 _aENVIRONMENTAL POLICY
650 _aSPATIAL PLANNING
650 _aPLANNING POLICY
650 _aINTERREG
650 _aURBAN DEVELOPMENT
650 _aEUROPEAN SPATIAL DEVELOPMENT PERSPECTIVE
690 _aINTERNATIONAL-EUROPE
700 _aPallagst, K.
942 _n0
999 _c72944
_d72944